Etica della virtú e morale dell'amore

保存先:
書誌詳細
第一著者: Sciacca, Michele Federico (著者)
フォーマット: 図書
言語:イタリア語
出版事項: Maioricen 1955
シリーズ:Studia Monographica & Recensiones
主題:
タグ: タグ追加
タグなし, このレコードへの初めてのタグを付けませんか!

MARC

LEADER 00000nam a2200000 a 4500
001 UCZ4552
003 CL-VaPUC
008 951110e19550000IT |||||||||||||||||ita|d
082 0 4 |a 171.3  |b SCI  |2 21 
100 0 |a Sciacca, Michele Federico  |e author  |9 348551 
245 1 0 |a Etica della virtú e morale dell'amore 
300 |a 26 p 
942 |c BK 
945 |d 19951110 00:00:00  |a cmena 
260 |b Maioricen  |c 1955 
650 0 |a Ética  |9 255099 
650 0 |a Conceptos morales   |9 310606 
650 0 |a Amor  |9 257817 
650 0 |a Ontología   |9 256850 
650 0 |a Inteligencia  |9 267038 
650 0 |a Virtud y vicio  |9 310637 
583 |a last modification  |c 20130320 11:42:11  |k Rodrigo Vera 
490 0 |a Studia Monographica & Recensiones 
999 |c 240923  |d 240921 
952 |0 0  |1 0  |4 0  |6 171_300000000000000_SCI_1955  |7 0  |8 P  |9 253045  |a BIBEDU  |b BIBEDU  |c BIBEDU_PB  |d 2019-11-19  |i 1571419  |o 171.3 SCI 1955  |p 1571419  |r 2024-01-25  |w 2019-11-19  |y BK  |k FIL